[Event "Championnat de France des Jeunes - Minimettes"]
[Site "LE GRAND BORNAND"]
[Date ""]
[Round "2.1"]
[White "Fernandez, Laura"]
[Black "Muller, Marion"]
[Result "1-0"]
[WhiteElo "2049"]
[BlackElo "1757"]
[Annotator ""]

1. e4 c6 2. d4 d5 3. Nc3 dxe4 4. Nxe4 Nf6 5. Nxf6+ gxf6 6. c3 Qc7 7.
Qf3 Nd7 8. Bd3 c5 9. Ne2 cxd4 10. cxd4 e6 11. O-O Bd6 12. Bf4 Bxf4 13.
Nxf4 Qb6 14. Rad1 Qxb2 15. Qh5 Ke7 16. Bb5 Qb4 17. Rfe1 Nb6 18. Qc5+
Qxc5 19. dxc5 Nd7 20. Nd5+ Kf8 21. Nc7 Rb8 22. Bxd7 Bxd7 23. Rxd7 a6
24. Rb1 Rg8 25. c6 b5 26. Nxa6 Rc8 27. Nc7 Rg5 28. Rc1 Re5 29. g3 Re2
30. Nxb5 Rxa2 31. Nd6 Rca8 32. c7 Ra1 33. Rxa1 Rxa1+ 34. Kg2 Rc1 35.
c8Q+ Rxc8 36. Nxc8 Kg7 37. Nd6 1-0

[Event "Championnat de France des Jeunes - Minim"]
[Site "LE GRAND BORNAND"]
[Date "????.??.??"]
[Round "2.2"]
[White "Leriquier, Claire"]
[Black "Richard, Emma"]
[Result "0-1"]
[WhiteElo "1770"]
[BlackElo "2004"]
[PlyCount "90"]

1. f4 e6 2. Nf3 Nf6 3. g3 b6 4. Bg2 Bb7 5. O-O Be7 6. d3 d5 7. Qe1 O-O 8. Nc3
Nc6 9. e4 Nb4 10. Qe2 dxe4 11. dxe4 Ba6 12. Qd2 Bxf1 13. Kxf1 Qxd2 14. Bxd2
Nxc2 15. Rc1 Nb4 16. Nd4 Rad8 17. Nb3 c5 18. Ke2 c4 19. Na1 Nd3 20. Rc2 Bc5 21.
e5 Nd5 22. Ne4 Be7 23. h3 b5 24. Ba5 Rd7 25. b3 Bb4 26. Bxb4 N3xb4 27. Rd2 c3
28. Rd1 Rc8 29. a3 c2 30. Rc1 Na2 31. Rxc2 Rxc2+ 32. Nxc2 Nc1+ 33. Kf2 Nxb3 34.
Nd6 Rc7 35. Ne1 a6 36. Be4 Nc3 37. Ke3 Nxe4 38. Nxe4 Na5 39. Kd4 Rc1 40. Nd3
Ra1 41. Ndc5 Rxa3 42. Nd3 Nc6+ 43. Ke3 Nb4 44. Nec5 Nxd3 45. Nxd3 b4 0-1

[Event "Championnat de France des Jeunes - Minim"]
[Site "LE GRAND BORNAND"]
[Date "????.??.??"]
[Round "2.3"]
[White "Forgues, Valerie"]
[Black "Garma, Jovanka"]
[Result "1-0"]
[WhiteElo "1957"]
[BlackElo "1730"]
[PlyCount "85"]

1. e4 c5 2. Nf3 e6 3. d4 cxd4 4. Nxd4 Nf6 5. Bd3 d6 6. Nc3 Be7 7. Be3 O-O 8.
O-O a6 9. Kh1 b5 10. a3 Bb7 11. f4 Nbd7 12. Qf3 Rc8 13. Rae1 Qa5 14. Bg1 b4 15.
Nb3 Qc7 16. axb4 d5 17. Qh3 dxe4 18. Nxe4 Nxe4 19. Bxe4 Bxe4 20. Rxe4 Nf6 21.
Re2 Bxb4 22. Bd4 Be7 23. Bc3 Qc4 24. Qf3 Nd5 25. Bd4 Bf6 26. Bxf6 Nxf6 27. h3
Nd5 28. f5 exf5 29. Re5 Nb4 30. Rxf5 Nxc2 31. Rf4 Qe6 32. Nd2 Rcd8 33. Ne4 Nd4
34. Qf2 f5 35. Ng3 Qe5 36. Re1 Qf6 37. Ne4 Qg6 38. Nc5 Qf6 39. b4 g5 40. Ne4
Qg6 41. Nxg5 Qxg5 42. Rxd4 Rxd4 43. Qxd4 1-0

[Event "Championnat de France des Jeunes - Minim"]
[Site "LE GRAND BORNAND"]
[Date "????.??.??"]
[Round "2.4"]
[White "Buscara, Lena"]
[Black "Jeannerot, Lea"]
[Result "0-1"]
[WhiteElo "1740"]
[BlackElo "1920"]
[PlyCount "44"]

1. e4 e5 2. Nc3 Bc5 3. g3 d6 4. Bg2 Nf6 5. h3 Nc6 6. Nge2 Be6 7. O-O Qd7 8. Kh2
h5 9. f3 g5 10. Na4 g4 11. Nxc5 dxc5 12. f4 gxh3 13. f5 hxg2 14. fxe6 gxf1=N+
15. Qxf1 Qxe6 16. d3 h4 17. Kg2 hxg3 18. Kxg3 Qg4+ 19. Kf2 Qh4+ 20. Ke3 Qh3+
21. Qxh3 Rxh3+ 22. Kf2 Ng4+ 0-1

[Event "Championnat de France des Jeunes - Minim"]
[Site "LE GRAND BORNAND"]
[Date "????.??.??"]
[Round "2.6"]
[White "Lemaitre, Delphine"]
[Black "Forestier, Carole"]
[Result "*"]
[WhiteElo "1717"]
[BlackElo "1891"]
[PlyCount "122"]

1. e4 e6 2. d4 d5 3. exd5 exd5 4. Bd3 Bd6 5. Nf3 Ne7 6. Bg5 f6 7. Bh4 Nbc6 8.
Bg3 Bg4 9. c3 Qd7 10. Bxd6 Qxd6 11. Nbd2 O-O-O 12. Qc2 Qe6+ 13. Kf1 h5 14. Re1
Qd7 15. h3 Bf5 16. Ke2 g5 17. Kd1 Bxd3 18. Qxd3 Nf5 19. Nb3 b6 20. Qa6+ Kb8 21.
a4 Na5 22. Nxa5 Qxa4+ 23. Kd2 Qxa5 24. Qxa5 bxa5 25. Ra1 g4 26. hxg4 hxg4 27.
Rxh8 Rxh8 28. Ne1 Nd6 29. b3 Ne4+ 30. Ke3 Nxc3 31. Rxa5 Re8+ 32. Kd3 Nd1 33.
Kd2 Nxf2 34. Rxd5 Ne4+ 35. Kd3 Kb7 36. Nc2 Nd6 37. Ne3 Rg8 38. Nf5 Nxf5 39.
Rxf5 Rg6 40. Rf4 Kc6 41. Kc4 a6 42. b4 Kd6 43. Kd3 Ke6 44. Ke4 c6 45. g3 Rg5
46. Kd3 Rg7 47. Kc4 Rg5 48. Kb3 Rb5 49. Kc4 f5 50. Kc3 a5 51. bxa5 Rxa5 52. Kc4
Ra3 53. Kc5 Rxg3 54. Kxc6 Rc3+ 55. Kb5 g3 56. Kb4 Rc2 57. Rf1 g2 58. Rg1 f4 59.
Kb3 Rf2 60. Kc3 f3 61. Re1+ Kd6 *

[Event "Championnat de France des Jeunes - Minim"]
[Site "LE GRAND BORNAND"]
[Date "????.??.??"]
[Round "2.7"]
[White "Klipper, Noemie"]
[Black "Lefebvre, Stephane"]
[Result "1-0"]
[WhiteElo "1877"]
[BlackElo "1716"]
[PlyCount "45"]

1. d4 d5 2. Nf3 e6 3. c4 Nf6 4. Nc3 Bd6 5. cxd5 Nxd5 6. e4 Nb6 7. Be3 N8d7 8.
Be2 O-O 9. O-O e5 10. Rc1 exd4 11. Bxd4 Re8 12. Qc2 Ne5 13. Rfd1 Nxf3+ 14. Bxf3
Qg5 15. Ne2 Nd7 16. Qd2 Qe7 17. Ng3 Ne5 18. Qc3 Nxf3+ 19. Qxf3 Qh4 20. e5 Bxe5
21. Bxe5 Rxe5 22. Rxc7 Re7 23. Rd8+ 1-0

[Event "Championnat de France des Jeunes - Minim"]
[Site "LE GRAND BORNAND"]
[Date "????.??.??"]
[Round "2.8"]
[White "Rodange, Barbara"]
[Black "Armas, Lara-Maria"]
[Result "1-0"]
[WhiteElo "1710"]
[BlackElo "1819"]
[PlyCount "43"]

1. c4 e5 2. Nc3 f5 3. d4 e4 4. g4 d6 5. gxf5 Bxf5 6. Bg2 Qh4 7. Qb3 b6 8. Qb5+
Bd7 9. Qg5 Qxg5 10. Bxg5 h6 11. Bh4 g5 12. Bg3 Bg7 13. e3 Nc6 14. Nxe4 Nge7 15.
h4 g4 16. Ne2 Nf5 17. Nf4 Nxg3 18. Nxg3 Kf7 19. Bd5+ Ke8 20. Ngh5 Bf8 21. Ng6
Nb4 22. Bxa8 1-0

[Event "Championnat de France des Jeunes - Minim"]
[Site "LE GRAND BORNAND"]
[Date "????.??.??"]
[Round "2.9"]
[White "Schlaeppi, Coralie"]
[Black "Bismuth, Sarah"]
[Result "0-1"]
[WhiteElo "1710"]
[BlackElo "1815"]
[PlyCount "76"]

1. e4 e5 2. Nf3 Nc6 3. Bc4 Bc5 4. d3 Nf6 5. Bg5 d6 6. Nc3 h6 7. Be3 Bb6 8. h3
Ne7 9. Bxb6 axb6 10. d4 exd4 11. Qxd4 Nc6 12. Qd2 O-O 13. O-O Re8 14. Rfe1 Bd7
15. Qf4 Ne5 16. Nxe5 dxe5 17. Qf3 Qe7 18. Rad1 Red8 19. Nd5 Nxd5 20. exd5 Re8
21. Re4 Qd6 22. Qe2 Bf5 23. Re3 Rad8 24. Bb3 Bg6 25. Re1 f6 26. c4 Bf7 27. Rg3
f5 28. Re3 e4 29. Kh1 Bg6 30. g3 Rf8 31. f4 Qf6 32. Rd1 Kh8 33. g4 fxg4 34.
Qxg4 Qxf4 35. Qxf4 Rxf4 36. Kg2 Bh5 37. Rg1 Rdf8 38. Rg3 Rf2+ 0-1

[Event "Championnat de France des Jeunes - Minim"]
[Site "LE GRAND BORNAND"]
[Date "????.??.??"]
[Round "2.10"]
[White "Yuen, Wing-Yan"]
[Black "Burel, Gwenaelle"]
[Result "1-0"]
[WhiteElo "1810"]
[BlackElo "1642"]
[PlyCount "99"]

1. e4 c5 2. Nc3 Nc6 3. Bb5 a6 4. Bxc6 bxc6 5. d3 d5 6. e5 Qc7 7. f4 f6 8. Qe2
fxe5 9. Qxe5 Qxe5+ 10. fxe5 Bf5 11. Nf3 e6 12. Nh4 Ne7 13. O-O Bg4 14. h3 Nf5
15. Nxf5 Bxf5 16. Bf4 c4 17. Rad1 d4 18. Na4 Rb8 19. b3 cxd3 20. cxd3 Ba3 21.
Bc1 Be7 22. Nb2 Rb5 23. Nc4 Kd7 24. Bb2 Bc5 25. g4 Bg6 26. Rf4 Kc7 27. Bxd4
Bxd4+ 28. Rxd4 Rd5 29. Rxd5 cxd5 30. Nd6 Rf8 31. Kg2 Rf4 32. Kg3 Rd4 33. Kf2
Rxd3 34. Rxd3 Bxd3 35. Ne8+ Kd7 36. Nxg7 Bg6 37. h4 Ke7 38. h5 Kf7 39. hxg6+
hxg6 40. Nh5 gxh5 41. gxh5 Kg7 42. Kf3 Kh6 43. Kg4 d4 44. Kf4 d3 45. Ke3 Kxh5
46. Kxd3 Kg5 47. Kd4 Kf4 48. b4 Kf3 49. a4 Kf4 50. b5 1-0

[Event "Championnat de France des Jeunes - Minim"]
[Site "LE GRAND BORNAND"]
[Date "????.??.??"]
[Round "2.11"]
[White "Boutant, Jade"]
[Black "Rambourg, Juliette"]
[Result "0-1"]
[WhiteElo "1670"]
[BlackElo "1809"]
[PlyCount "72"]

1. d4 c5 2. e3 cxd4 3. exd4 Nf6 4. Nf3 g6 5. Be2 Bg7 6. O-O O-O 7. Nc3 d5 8.
Re1 Nc6 9. a3 Ne8 10. Be3 Nc7 11. Na2 e5 12. c3 exd4 13. Nxd4 Ne6 14. Nb3 d4
15. cxd4 Nexd4 16. Nc3 Nxe2+ 17. Qxe2 b6 18. f3 Be6 19. Nd2 Qc7 20. Nf1 Ne5 21.
Nb5 Qb7 22. Nd4 Bc4 23. Qd2 Rfd8 24. Qc2 Rac8 25. Ng3 Nd3 26. b3 Nxe1 27. Rxe1
Bxb3 28. Qxb3 Bxd4 29. Bxd4 Rxd4 30. Ne2 Rdc4 31. a4 Qc7 32. Qa3 Qc5+ 33. Qxc5
R8xc5 34. Ra1 Ra5 35. Kf2 Raxa4 36. Rxa4 Rxa4 0-1

[Event "Championnat de France des Jeunes - Minim"]
[Site "LE GRAND BORNAND"]
[Date "????.??.??"]
[Round "2.12"]
[White "Dauchart, Elaine"]
[Black "Bomba, Melody"]
[Result "0-1"]
[WhiteElo "1470"]
[BlackElo "1790"]
[PlyCount "86"]

1. e4 e5 2. Nf3 Nc6 3. d4 exd4 4. Bc4 d6 5. Nxd4 Ne5 6. Bb3 Nf6 7. O-O Be7 8.
Nc3 O-O 9. Re1 c5 10. Nf5 Bxf5 11. exf5 Qd7 12. f4 Nc6 13. Nd5 Nxd5 14. Bxd5
Bf6 15. Qf3 Nd4 16. Qd3 Rfe8 17. Rxe8+ Rxe8 18. Kf1 b6 19. g4 Bh4 20. Bd2 Re2
21. c3 Rf2+ 22. Kg1 Ne2+ 23. Kh1 Nxf4 24. Bxf4 Rxf4 25. Qe3 Rxg4 26. h3 Rg3 27.
Qe4 Qe7 28. Re1 Kf8 29. Kh2 Rxh3+ 30. Kxh3 Bxe1 31. Qxe7+ Kxe7 32. c4 Kf6 33.
Kg4 g6 34. fxg6 fxg6 35. Kf4 h5 36. b3 g5+ 37. Kf3 Ke5 38. Bf7 h4 39. Kg4 Bd2
40. Bd5 Kd4 41. Bc6 Kc3 42. Ba4 a6 43. Kh3 Kb4 0-1

[Event "Championnat de France des Jeunes - Minim"]
[Site "LE GRAND BORNAND"]
[Date "????.??.??"]
[Round "2.13"]
[White "Sylvestre-Baron, Mylene"]
[Black "Cechetto, Lea"]
[Result "0-1"]
[WhiteElo "1020"]
[BlackElo "1770"]
[PlyCount "36"]

1. e4 e5 2. Nf3 Nc6 3. Nc3 Nf6 4. Bc4 Bc5 5. O-O d6 6. Ng5 O-O 7. Qf3 h6 8. Nh3
Bg4 9. Qg3 Qd7 10. Qd3 Nb4 11. Qg3 Nxc2 12. Nd5 Nxd5 13. Rb1 Nb6 14. Bd3 Nb4
15. b3 f5 16. exf5 Nxd3 17. Qxd3 Bxf5 18. Qg3 Bxb1 0-1

[Event "Championnat de France des Jeunes - Minim"]
[Site "LE GRAND BORNAND"]
[Date "????.??.??"]
[Round "2.14"]
[White "Macarry, Elodie"]
[Black "Cappelletti, Emmanuelle"]
[Result "1-0"]
[WhiteElo "1819"]
[BlackElo "1500"]
[PlyCount "55"]

1. e4 d5 2. exd5 Qxd5 3. Nc3 Qa5 4. Bc4 Bf5 5. d4 c6 6. Bf4 Nf6 7. Nf3 e6 8.
O-O Be7 9. Re1 Nbd7 10. Ne2 O-O 11. Ng3 Rfe8 12. Bd2 Qc7 13. Nxf5 exf5 14. Ng5
Nd5 15. Qf3 N7b6 16. Bd3 Bxg5 17. Bxg5 Ne7 18. Re2 Nbd5 19. Rae1 Qd7 20. c4 f6
21. cxd5 fxg5 22. dxc6 Nxc6 23. Bxf5 Rxe2 24. Rxe2 Qxd4 25. Qb3+ Kh8 26. h3 Qc5
27. Qxb7 Rb8 28. Qxb8+ 1-0

[Event "Championnat de France des Jeunes - Minim"]
[Site "LE GRAND BORNAND"]
[Date "????.??.??"]
[Round "2.15"]
[White "Hourlier, Claire"]
[Black "Argente, Lucie"]
[Result "1-0"]
[WhiteElo "1800"]
[BlackElo "1360"]
[PlyCount "43"]

1. e4 e5 2. Nf3 Nc6 3. Bc4 Nf6 4. d4 exd4 5. O-O d6 6. Nxd4 Ne5 7. Nd2 Nxc4 8.
Nxc4 g6 9. e5 dxe5 10. Nxe5 Bg7 11. Bg5 O-O 12. f4 c5 13. Ndf3 Qxd1 14. Raxd1
Be6 15. h3 Bd5 16. Bxf6 Bxf3 17. Bxg7 Kxg7 18. Rxf3 Rfe8 19. Rd7 Rf8 20. f5 g5
21. f6+ Kg8 22. Rg3 1-0

[Event "Championnat de France des Jeunes - Benjamins"]
[Site "LE GRAND BORNAND"]
[Date ""]
[Round "2.1"]
[White "Lagarde, Maxime"]
[Black "Bensaid, Alexandre"]
[Result "1-0"]
[WhiteElo "2202"]
[BlackElo "1874"]
[Annotator ""]

1. e4 c5 2. Nf3 Nc6 3. d4 cxd4 4. Nxd4 Nf6 5. Nc3 d6 6. Bg5 e6 7. Qd2
a6 8. O-O-O Bd7 9. f4 h6 10. Bxf6 Qxf6 11. Nf3 Qd8 12. Kb1 Qc7 13. h4
O-O-O 14. Bc4 Na5 15. Bb3 Nxb3 16. cxb3 Kb8 17. Qd4 Bc6 18. Rc1 Qd7
19. Rhd1 Rg8 20. Qe3 Qe8 21. Qb6 Be7 22. Ka1 Rc8 23. Qe3 Rc7 24. a3
Qc8 25. Nd2 b5 26. g3 Qb7 27. b4 Qa7 28. Qe2 Rgc8 29. Nb3 Qb6 30. Rd2
Ba8 31. Rdc2 Bf6 32. e5 dxe5 33. fxe5 Be7 34. Qf2 Qxf2 35. Rxf2 f6 36.
Re1 fxe5 37. Rxe5 Bf6 38. Rc5 Bxc3 39. bxc3 Bd5 40. Rxc7 Rxc7 41. Nc5
Ka7 42. Kb2 Kb6 43. Kc2 Re7 44. Kd3 Bc4+ 45. Ke4 a5 46. Ke5 Kc6 47.
Rf8 axb4 48. axb4 Kc7 49. Ra8 Bd5 50. Ra5 Bc4 51. Ke4 1-0

[Event "Championnat de France des Jeunes - Benja"]
[Site "LE GRAND BORNAND"]
[Date "????.??.??"]
[Round "2.2"]
[White "Duboue, Peio"]
[Black "Manoeuvre, Antoine"]
[Result "0-1"]
[WhiteElo "1879"]
[BlackElo "2051"]
[PlyCount "77"]

1. e4 e6 2. d4 d5 3. exd5 exd5 4. Bd3 Bd6 5. Nf3 c6 6. c3 Bg4 7. O-O Qc7 8. h3
Bh5 9. Nbd2 Ne7 10. Qc2 Nd7 11. b3 f6 12. a4 g5 13. Re1 O-O-O 14. c4 Rde8 15.
Ba3 Bxa3 16. Rxa3 g4 17. hxg4 Bxg4 18. b4 Rhg8 19. Bxh7 Rg7 20. Bg6 Reg8 21.
Rae3 Nf8 22. Bd3 Bh3 23. Bf1 Bxg2 24. Bxg2 Rxg2+ 25. Kf1 R2g7 26. cxd5 Nfg6 27.
dxc6 bxc6 28. d5 Rh8 29. dxc6 Nf4 30. Ng1 Nfd5 31. Rg3 Rxg3 32. fxg3 Qxg3 33.
Ndf3 Rg8 34. Qh2 Qxh2 35. Nxh2 Nxc6 36. Nhf3 Kd7 37. Ke2 Rg2+ 38. Kd3 Ra2 39.
Ke4 {Suite illisible} 0-1

[Event "Championnat de France des Jeunes - Benja"]
[Site "LE GRAND BORNAND"]
[Date "????.??.??"]
[Round "2.3"]
[White "Grandadam, Nicolas"]
[Black "Botto, Julien"]
[Result "1-0"]
[WhiteElo "2041"]
[BlackElo "1870"]
[PlyCount "84"]

1. d4 d5 2. c4 c6 3. e3 e6 4. Nf3 Nf6 5. Nc3 Nbd7 6. Bd3 dxc4 7. Bxc4 b5 8. Bd3
Bb7 9. e4 b4 10. Na4 c5 11. e5 Nd5 12. O-O Rc8 13. Bg5 Be7 14. Bxe7 Qxe7 15.
Nd2 Nf4 16. Ne4 O-O 17. Qf3 Ng6 18. Qh5 Nf4 19. Qf3 Ng6 20. Qg3 Bxe4 21. Bxe4
cxd4 22. f4 Nc5 23. Nxc5 Rxc5 24. Rad1 Rd8 25. Qf2 Qd7 26. h4 Ne7 27. Qd2 a5
28. Rf3 Nf5 29. Rd3 g6 30. g4 Ne7 31. Qf2 Nc6 32. h5 gxh5 33. gxh5 Kh8 34. Kh1
Rg8 35. Rg3 Qd8 36. Rxg8+ Qxg8 37. Rg1 Qf8 38. Qh4 f5 39. exf6 Qf7 40. Bg6 Qf8
41. f7 Rd5 42. Qf6+ Qg7 1-0

[Event "Championnat de France des Jeunes - Benja"]
[Site "LE GRAND BORNAND"]
[Date "????.??.??"]
[Round "2.4"]
[White "Delalee, Paul"]
[Black "Dionisi, Thomas"]
[Result "1/2-1/2"]
[WhiteElo "1878"]
[BlackElo "2019"]
[PlyCount "79"]

1. d4 e6 2. c4 f5 3. Nf3 Nf6 4. g3 Bb4+ 5. Bd2 Qe7 6. a3 Bxd2+ 7. Nbxd2 b6 8.
Bg2 Bb7 9. O-O O-O 10. Qc2 d6 11. Rfc1 Nbd7 12. b4 c5 13. bxc5 dxc5 14. e3 g6
15. a4 Ne4 16. a5 Nxd2 17. Qxd2 Rfd8 18. axb6 axb6 19. Rxa8 Rxa8 20. Qb2 cxd4
21. exd4 Qa3 22. Qxa3 Rxa3 23. Ne5 Nxe5 24. Bxb7 Nd3 25. Rb1 Ra4 26. d5 Rxc4
27. dxe6 Rc1+ 28. Rxc1 Nxc1 29. Bd5 Kf8 30. Bc4 b5 31. Bxb5 Nb3 32. Kg2 Nd4 33.
Bc4 Ke7 34. Kh3 Nxe6 35. Kh4 h6 36. h3 Kf6 37. g4 f4 38. Bxe6 Kxe6 39. g5 h5
40. f3 1/2-1/2

[Event "Championnat de France des Jeunes - Benja"]
[Site "LE GRAND BORNAND"]
[Date "????.??.??"]
[Round "2.5"]
[White "Descamps, Thomas"]
[Black "Velten, Paul"]
[Result "0-1"]
[WhiteElo "1873"]
[BlackElo "1999"]
[PlyCount "66"]

1. e4 e6 2. d4 d5 3. Nc3 Bb4 4. e5 c5 5. Bd2 Ne7 6. Nb5 Bxd2+ 7. Qxd2 O-O 8.
dxc5 Nd7 9. f4 Nxc5 10. Nd6 f6 11. Nf3 fxe5 12. fxe5 Qb6 13. O-O-O Ne4 14. Nxe4
dxe4 15. Be2 exf3 16. Bxf3 Nc6 17. Qc3 Qa5 18. Bxc6 Qxc3 19. bxc3 bxc6 20. Rd6
Rf2 21. Rxc6 Bb7 22. Rxe6 Be4 23. Re1 Rxc2+ 24. Kd1 Bf5 25. Rd6 Rb8 26. Rd2
Rb1+ 27. Ke2 Rxd2+ 28. Kxd2 Rxe1 29. Kxe1 Kf7 30. g4 Bxg4 31. Kf2 Ke6 32. Kg3
Bf5 33. Kf4 g5+ 0-1

[Event "Championnat de France des Jeunes - Benja"]
[Site "LE GRAND BORNAND"]
[Date "????.??.??"]
[Round "2.6"]
[White "Samoun, Florent"]
[Black "Domenech, Vianney"]
[Result "1-0"]
[WhiteElo "1987"]
[BlackElo "1859"]
[PlyCount "113"]

1. e4 c5 2. Nc3 Nc6 3. g3 e6 4. Bg2 Nf6 5. d3 h6 6. f4 d5 7. h3 d4 8. Nce2 b5
9. Nf3 Bb7 10. O-O Be7 11. g4 Qb6 12. Kh1 O-O-O 13. Bd2 h5 14. g5 Nd7 15. h4 f6
16. Bh3 fxg5 17. Nxg5 Bxg5 18. fxg5 Nce5 19. Nf4 Rde8 20. Be1 g6 21. Bg3 Rhf8
22. Qe2 c4 23. b4 c3 24. Qh2 a6 25. Rf2 Rg8 26. Ne2 Nc6 27. a3 Ne7 28. Kg1 Rgf8
29. Raf1 Rxf2 30. Qxf2 Rf8 31. Qxd4 Rxf1+ 32. Kxf1 Qxd4 33. Nxd4 Nb6 34. Nxe6
Bc6 35. Be5 Bd7 36. Bxc3 Na4 37. Bf6 Nc6 38. Nf4 Bxh3+ 39. Nxh3 Kd7 40. Nf4 Ke8
41. Nxg6 Kf7 42. Ne5+ Nxe5 43. Bxe5 Nb6 44. Ke2 Nd7 45. Bd4 Nf8 46. Bf2 Ke6 47.
Ke3 Ng6 48. Bg3 Ne7 49. d4 Nc8 50. d5+ Kd7 51. e5 Nb6 52. Kd4 Nc4 53. g6 Ke7
54. d6+ Ke6 55. g7 Kf7 56. d7 Nxa3 57. d8=Q 1-0

[Event "Championnat de France des Jeunes - Benja"]
[Site "LE GRAND BORNAND"]
[Date "????.??.??"]
[Round "2.7"]
[White "Chahbazian, Jean-Baptiste"]
[Black "Godart, Francois"]
[Result "0-1"]
[WhiteElo "1870"]
[BlackElo "1984"]
[PlyCount "52"]

1. c4 Nf6 2. Nc3 e5 3. Nf3 Nc6 4. d3 Be7 5. g3 O-O 6. Bg2 d6 7. O-O h6 8. Rb1
Bf5 9. Nh4 Be6 10. b4 Qc8 11. b5 Nd8 12. Nd5 Nxd5 13. cxd5 Bd7 14. Nf3 f5 15.
e4 Nf7 16. Nd2 f4 17. Nc4 Ng5 18. f3 Qe8 19. a4 Nh3+ 20. Bxh3 Bxh3 21. Rf2 Qg6
22. g4 Bh4 23. Ra2 h5 24. a5 hxg4 25. fxg4 Bxg4 26. Rg2 f3 0-1

[Event "Championnat de France des Jeunes - Benja"]
[Site "LE GRAND BORNAND"]
[Date "????.??.??"]
[Round "2.8"]
[White "Netzer, Jacques"]
[Black "Brest, Jean-Francois"]
[Result "0-1"]
[WhiteElo "1983"]
[BlackElo "1850"]
[PlyCount "101"]

1. e4 c5 2. Nf3 Nc6 3. d4 cxd4 4. Nxd4 g6 5. c4 Bg7 6. Nc2 Nf6 7. Nc3 d6 8. Be2
O-O 9. O-O Nd7 10. Bd2 a5 11. b3 Nc5 12. f3 f5 13. exf5 Bxf5 14. Rc1 Bxc2 15.
Qxc2 Nb4 16. Qb1 e5 17. a3 Nc6 18. b4 Ne6 19. Nd5 Ncd4 20. Bd1 Rf5 21. bxa5 Nc5
22. Bb4 Bh6 23. f4 exf4 24. Bxc5 dxc5 25. Qxb7 Rf7 26. Qb6 Qh4 27. Bf3 Nxf3+
28. Rxf3 Re8 29. a6 Bg7 30. a7 Bd4+ 31. Kh1 Re1+ 32. Rf1 f3 33. Qd8+ Qxd8 34.
Rcxe1 fxg2+ 35. Kxg2 Rxf1 36. Kxf1 Qf8+ 37. Ke2 Qa8 38. Kd3 Qxa7 39. Re8+ Kf7
40. Re7+ Qxe7 41. Nxe7 Kxe7 42. a4 Kd6 43. a5 Kc6 44. Ke4 Kb7 45. Kd5 Ka6 46.
Ke6 Kxa5 47. Kf7 Kb4 48. Kg8 h5 49. Kh7 Kxc4 50. Kxg6 Kd3 51. Kxh5 0-1

[Event "Championnat de France des Jeunes - Benja"]
[Site "LE GRAND BORNAND"]
[Date "????.??.??"]
[Round "2.9"]
[White "Naudion, Gregoire"]
[Black "Fevre, Matthieu"]
[Result "0-1"]
[WhiteElo "1859"]
[BlackElo "1968"]
[PlyCount "80"]

1. e4 c5 2. Nf3 d6 3. d4 cxd4 4. Nxd4 Nf6 5. Nc3 g6 6. Be3 Bg7 7. f3 O-O 8. Bc4
Nc6 9. O-O Bd7 10. Qd2 Rc8 11. Bb3 a6 12. a4 Na5 13. Bh6 Nc4 14. Bxc4 Rxc4 15.
Nb3 b5 16. Bxg7 Kxg7 17. axb5 axb5 18. Rfe1 Qb6+ 19. Kh1 e6 20. Red1 b4 21. Ne2
e5 22. Rab1 Rxe4 23. Ng3 Rc4 24. c3 Ba4 25. Nf5+ Kh8 26. Qh6 Rg8 27. Nxd6 Rc7
28. Qg5 Ne8 29. Qxe5+ f6 30. Qe6 Qc6 31. Nf7+ Kg7 32. Qxc6 Rxc6 33. Rd7 Rxc3
34. bxc3 Bxd7 35. Na5 Bf5 36. Rxb4 Kxf7 37. Rb7+ Kf8 38. g4 Bc8 39. Rb8 Nd6 40.
Ra8 Ke7 0-1

[Event "Championnat de France des Jeunes - Benja"]
[Site "LE GRAND BORNAND"]
[Date "????.??.??"]
[Round "2.10"]
[White "Song, Julien"]
[Black "Bailly, Luc"]
[Result "1/2-1/2"]
[WhiteElo "1957"]
[BlackElo "1840"]
[PlyCount "95"]

1. d4 e5 2. dxe5 Nc6 3. Nf3 Qe7 4. g3 Nxe5 5. Nxe5 Qxe5 6. Bg2 Bc5 7. O-O Nf6
8. c3 c6 9. Bf4 Qe6 10. e4 O-O 11. b4 Bb6 12. Bd6 Rd8 13. e5 Ne8 14. Qd3 f6 15.
Nd2 fxe5 16. Ne4 Nxd6 17. Nxd6 Bc7 18. Rad1 b6 19. Be4 g6 20. Rd2 a5 21. b5 Ra7
22. Rfd1 Bxd6 23. Qxd6 Qxd6 24. Rxd6 cxb5 25. Rxb6 b4 26. cxb4 axb4 27. Rxb4
Ra5 28. Rd6 Ba6 29. Bd5+ Kg7 30. Rbb6 Bd3 31. Bb3 Bb1 32. a4 Ra7 33. Rb5 e4 34.
a5 Bd3 35. Rc5 Rda8 36. Rdd5 d6 37. Rxd6 Rxa5 38. Rc7+ Kh6 39. Kg2 R5a7 40.
Rdd7 Rxc7 41. Rxc7 Ra1 42. h4 Be2 43. g4 Bf3+ 44. Kh2 Rh1+ 45. Kg3 Rg1+ 46. Kh3
Rh1+ 47. Kg3 Rg1+ 48. Kh3 1/2-1/2

[Event "Championnat de France des Jeunes - Benja"]
[Site "LE GRAND BORNAND"]
[Date "????.??.??"]
[Round "2.11"]
[White "Cazeneuve, Thomas"]
[Black "Langlois, Xavier"]
[Result "1/2-1/2"]
[WhiteElo "1940"]
[BlackElo "1830"]
[PlyCount "40"]

1. d4 Nf6 2. Nf3 g6 3. c4 Bg7 4. Nc3 O-O 5. e4 d6 6. Be2 Na6 7. O-O e5 8. d5
Nd7 9. h4 f5 10. h5 f4 11. hxg6 hxg6 12. Bd2 Kf7 13. g3 g5 14. Nh2 Rh8 15. Bh5+
Kf8 16. g4 Qf6 17. Kg2 Qh6 18. Rh1 Nf6 19. f3 Nxh5 20. gxh5 Qxh5 1/2-1/2

[Event "Championnat de France des Jeunes - Benja"]
[Site "LE GRAND BORNAND"]
[Date "????.??.??"]
[Round "2.12"]
[White "Ane, Cedric"]
[Black "Ternault, Mathieu"]
[Result "1-0"]
[WhiteElo "1851"]
[BlackElo "1930"]
[PlyCount "161"]

1. e4 c5 2. Nf3 g6 3. Bc4 Bg7 4. c3 e6 5. Bb3 d5 6. d3 Ne7 7. O-O O-O 8. Re1
Nbc6 9. Nbd2 a6 10. a4 Rb8 11. Nf1 Qd6 12. Qe2 e5 13. Ne3 d4 14. Nc4 Qc7 15. a5
Be6 16. Nfd2 Kh8 17. Bc2 Rbe8 18. Nb3 Bxc4 19. dxc4 Nd8 20. h4 Ne6 21. Qg4 Ng8
22. g3 h5 23. Qf3 Nf6 24. Nd2 Ng4 25. Qg2 f5 26. Bd1 Qf7 27. Nf1 f4 28. Bxg4
hxg4 29. Nh2 Qd7 30. Nxg4 d3 31. Bd2 Nd4 32. cxd4 Qxg4 33. d5 Bh6 34. f3 Qh5
35. g4 Qxh4 36. Ra3 Qe7 37. Rxd3 Bg5 38. Kf1 Kg7 39. Ke2 Bh4 40. Rh1 Bg3 41.
Be1 Rh8 42. Bxg3 Rxh1 43. Qxh1 fxg3 44. Qh3 Qg5 45. Qxg3 Qc1 46. d6 Qc2+ 47.
Ke3 Qc1+ 48. Rd2 Kf6 49. d7 Rh8 50. g5+ Ke6 51. Qg4+ Ke7 52. Qg3 Ke6 53. Qg4+
Ke7 54. Qg3 Ke6 55. f4 exf4+ 56. Qxf4 Rh3+ 57. Kf2 Rh2+ 58. Qxh2 Qxd2+ 59. Kg1
Qxg5+ 60. Qg2 Qc1+ 61. Kh2 Qf4+ 62. Qg3 Qd2+ 63. Kh3 Qh6+ 64. Kg4 Qh5+ 65. Kf4
Qe5+ 66. Kf3 Qxg3+ 67. Kxg3 Kxd7 68. Kg4 Ke6 69. Kf4 Kf6 70. b3 g5+ 71. Kg4 Ke5
72. Kxg5 Kxe4 73. Kf6 Kd4 74. Ke6 Kc3 75. Kd5 Kb4 76. Kd6 Kxa5 77. Kxc5 b5 78.
Kd6 bxc4 79. bxc4 Kb6 80. c5+ Kb7 81. Kd7 1-0

[Event "Championnat de France des Jeunes - Benja"]
[Site "LE GRAND BORNAND"]
[Date "????.??.??"]
[Round "2.13"]
[White "Nockels, Thomas"]
[Black "Hajage, Samuel"]
[Result "1/2-1/2"]
[WhiteElo "1843"]
[BlackElo "1907"]
[PlyCount "108"]

1. e4 c5 2. Nf3 Nc6 3. d4 cxd4 4. Nxd4 Nf6 5. Nc3 e5 6. Ndb5 d6 7. Bg5 Be7 8.
Bxf6 gxf6 9. Nd5 O-O 10. Nxe7+ Nxe7 11. Qxd6 Be6 12. Qxd8 Rfxd8 13. Nc7 Rac8
14. Nxe6 fxe6 15. Bd3 Nc6 16. O-O-O Rd6 17. a3 Nd4 18. c3 Rb6 19. Rhe1 Nb3+ 20.
Kb1 Nc5 21. Bc2 a5 22. a4 Na6 23. Re3 Nc5 24. Kc1 Kg7 25. Rf3 Kf7 26. Rh3 Kg7
27. Rf1 Rd6 28. f4 exf4 29. Rxf4 e5 30. Rg4+ Kh8 31. Rh6 Rg8 32. Rgh4 Rxg2 33.
Rxh7+ Kg8 34. Rh8+ Kg7 35. R4h7+ Kg6 36. Rg8+ Kxh7 37. Rxg2 Ne6 38. Rd2 Rb6 39.
Rd5 Nf4 40. Rxa5 Ne2+ 41. Kd2 Rxb2 42. Rb5 Rxb5 43. axb5 Nf4 44. b6 Ne6 45. Bb3
Nc5 46. Bd5 Kg6 47. Ke3 f5 48. Kf3 f4 49. Kg4 Kf6 50. h3 Kg6 51. h4 Nd7 52.
Bxb7 Nxb6 53. Bd5 Na4 54. c4 Nc5 1/2-1/2